L'invité permanent : La réception de la télévision dans les familles populaires (notice n° 1566244)
[ vue normale ]
| 000 -LEADER | |
|---|---|
| fixed length control field | 01567cam a2200133 4500500 |
| 005 - DATE AND TIME OF LATEST TRANSACTION | |
| control field | 20251214001514.0 |
| 041 ## - LANGUAGE CODE | |
| Language code of text/sound track or separate title | fre |
| 042 ## - AUTHENTICATION CODE | |
| Authentication code | dc |
| 100 10 - MAIN ENTRY--PERSONAL NAME | |
| Personal name | Masclet, Olivier |
| Relator term | author |
| 245 00 - TITLE STATEMENT | |
| Title | L'invité permanent : La réception de la télévision dans les familles populaires |
| 260 ## - PUBLICATION, DISTRIBUTION, ETC. | |
| Name of publisher, distributor, etc. | Armand Colin,<br/> |
| Date of publication, distribution, etc. | 2018.<br/> |
| 520 ## - SUMMARY, ETC. | |
| Summary, etc. | Fini la télévision ? Abandonnée pour d’autres écrans ? Dans les familles ouvrières et employées, elle occupe toujours une place très importante.Alors qu’elle a pu être décrite comme la reine des foyers populaires, réunissant parents et enfants autour des programmes du soir, elle apparaît aujourd’hui comme un invité permanent. Bien plus longtemps allumée, elle rythme la vie quotidienne tout en offrant plus qu’un simple divertissement : celles et ceux qui la regardent cherchent à travers elle à répondre aux contradictions de leur position autant qu’aux exigences du monde contemporain. Elle s’impose dans les foyers populaires autant qu’elle y est attendue.Cet ouvrage fait découvrir ces téléspectateurs en brossant plusieurs portraits. Trois questions l’organisent : Quelle place la télévision prend-elle dans les existences des familles populaires d’aujourd’hui ? Quelles relations entre les femmes et les hommes et entre les parents et les enfants ses usages mettent-ils au jour ? Que font les individus des images et des personnages reçus tous les jours à domicile ? |
| 856 41 - ELECTRONIC LOCATION AND ACCESS | |
| Uniform Resource Identifier | <a href="https://shs.cairn.info/invite-permanent--9782200622152?lang=fr&redirect-ssocas=7080">https://shs.cairn.info/invite-permanent--9782200622152?lang=fr&redirect-ssocas=7080</a> |
Pas d'exemplaire disponible.




Réseaux sociaux